[Event "World Youth Girl U18 2016"]
[Site "Khanty-Mansiysk RUS"]
[Date "2016.09.23"]
[Round "2.23"]
[White "Tao, Rachel Long-Xin"]
[Black "Parhomenko, Margarita"]
[Result "0-1"]
[WhiteTitle "WCM"]
[WhiteElo "1649"]
[BlackElo "1940"]
[WhiteFideId "2616300"]
[BlackFideId "11603216"]
[EventDate "2016.09.22"]

1. e4 c6 2. Nc3 d5 3. Nf3 dxe4 4. Nxe4 Nf6 5. Nxf6+ exf6 6. d4 Bd6 7. Bd3 Bg4 8.
c3 O-O 9. O-O Qc7 10. h3 Bh5 11. Re1 Nd7 12. Be3 Rad8 13. g4 Bg6 14. Bxg6 fxg6
15. Qb3+ Kh8 16. Rad1 Rfe8 17. Bc1 Nb6 18. Re6 Nd5 19. Rde1 Rxe6 20. Rxe6 Qd7
21. Re1 h5 22. Nh4 hxg4 23. Nxg6+ Kg8 24. c4 gxh3 25. Qf3 Re8 26. Rd1 Qe6 27.
Bd2 Ne7 28. Nxe7+ Rxe7 29. b3 g5 30. Kf1 g4 31. Qh1 Qe2+ 0-1

[Event "World Youth Girl U18 2016"]
[Site "Khanty-Mansiysk RUS"]
[Date "2016.09.23"]
[Round "2.24"]
[White "Stanciu, Ioana-Georgiana"]
[Black "Hwang, Chyi"]
[Result "1-0"]
[WhiteElo "1931"]
[BlackElo "1356"]
[WhiteFideId "1202294"]
[BlackFideId "16300920"]
[EventDate "2016.09.22"]

1. e4 e5 2. Nf3 Nc6 3. d4 exd4 4. Nxd4 Nf6 5. Nxc6 bxc6 6. e5 Qe7 7. Qe2 Nd5 8.
c4 Ba6 9. b3 g6 10. Bb2 Bg7 11. Qe4 f5 12. Qe2 O-O 13. g3 Nb6 14. Bg2 Rfe8 15.
f4 Rad8 16. O-O c5 17. Nd2 d6 18. Bc6 Nd7 19. Nf3 Rf8 20. Ng5 Kh8 21. e6 Nb8 22.
Bf3 Bc8 23. Nf7+ Kg8 24. Nxd8 Bxb2 25. Qxb2 Rxd8 26. Rfe1 Re8 27. Re2 Bxe6 28.
Rxe6 Qd7 29. Rxe8+ Qxe8 30. Qe2 Qf8 31. Re1 Kf7 32. Bd5+ Kg7 33. Qe7+ Qxe7 34.
Rxe7+ Kh6 35. Rxc7 Na6 36. Rxa7 Nb4 37. Bg8 g5 38. fxg5+ Kxg5 39. Bxh7 Nd3 40.
a4 Ne5 41. a5 Kf6 42. a6 Nc6 43. Rc7 1-0

[Event "World Youth Girl U18 2016"]
[Site "Khanty-Mansiysk RUS"]
[Date "2016.09.23"]
[Round "2.25"]
[White "Bandara, T B S H"]
[Black "Jibuti, Nata"]
[Result "0-1"]
[BlackTitle "WFM"]
[WhiteElo "1543"]
[BlackElo "1865"]
[WhiteFideId "9918477"]
[BlackFideId "13603094"]
[EventDate "2016.09.22"]

1. e4 c5 2. Nc3 Nc6 3. f4 e6 4. Nf3 g6 5. g3 Bg7 6. Bg2 Nge7 7. d3 O-O 8. O-O d6
9. g4 f5 10. h3 Nd4 11. Ne2 Nxf3+ 12. Bxf3 Bd7 13. c3 Bc6 14. Ng3 Kh8 15. Qe2 b5
16. h4 d5 17. e5 d4 18. Bxc6 Nxc6 19. h5 Qh4 20. Kg2 Qxg4 21. Qxg4 fxg4 22. hxg6
hxg6 23. Rh1+ Kg8 24. Ne4 c4 25. dxc4 bxc4 26. Nd6 dxc3 27. bxc3 g5 28. Rf1 gxf4
29. Bxf4 Nxe5 30. Bxe5 Bxe5 31. Ne4 Rab8 32. Rxf8+ Kxf8 33. Nc5 Rb2+ 34. Kf1 Ke7
35. Re1 Kd6 36. a4 Kxc5 37. Rxe5+ Kd6 38. Re4 Kd5 39. Rxg4 Ra2 40. Rd4+ Kc5 41.
Re4 Rxa4 42. Rxe6 Ra3 43. Re3 Kb5 44. Ke1 Ka4 45. Kd2 Kb3 46. Kc1 Ra1+ 47. Kd2
a5 48. Rf3 a4 49. Rg3 a3 50. Rg8 Ra2+ 51. Kc1 Rc2+ 52. Kd1 Rxc3 53. Rb8+ Ka2 54.
Kd2 Rb3 55. Rc8 Kb2 56. Rxc4 a2 57. Rc2+ Ka3 58. Rc1 Rb1 59. Rc8 a1=Q 60. Ra8+
Kb4 61. Rxa1 Rxa1 62. Ke3 Kc3 63. Ke4 Re1+ 64. Kd5 Re3 65. Kc5 Rd3 66. Kb5 Rd5+
67. Kc6 Kc4 68. Kb6 Rc5 69. Kb7 Kb5 70. Ka7 Rc7+ 71. Ka8 Rh7 72. Kb8 Kc6 73. Ka8
Kb6 74. Kb8 Rh8# 0-1

[Event "World Youth Girl U18 2016"]
[Site "Khanty-Mansiysk RUS"]
[Date "2016.09.24"]
[Round "3.5"]
[White "Lahav, Michal"]
[Black "Assaubayeva, Bibisara"]
[Result "1-0"]
[BlackTitle "WFM"]
[WhiteElo "2054"]
[BlackElo "2287"]
[WhiteFideId "2813742"]
[BlackFideId "13708694"]
[EventDate "2016.09.22"]

1. e4 c5 2. Nf3 d6 3. c3 Nf6 4. h3 Nc6 5. Bd3 d5 6. e5 Nd7 7. Bb5 Qa5 8. Bxc6
bxc6 9. O-O c4 10. e6 fxe6 11. Re1 Qc7 12. Rxe6 Nc5 13. Re3 g6 14. b3 Bh6 15.
bxc4 Bxe3 16. dxe3 O-O 17. cxd5 Ba6 18. Ba3 Nd3 19. Qa4 Qb6 20. dxc6 Rfe8 21.
Nbd2 Qb5 22. Qe4 Qf5 23. Qh4 Rac8 24. Ne4 Rc7 25. Nd4 Qe5 26. Rd1 Rf8 27. Ng5 h5
28. Nge6 Nxf2 29. Re1 Nd3 30. Nxf8 Nxe1 31. Nxg6 Qxe3+ 32. Kh2 Nxg2 33. Qxh5 Nf4
34. Qh8+ Kf7 35. Ne5+ Qxe5 36. Qxe5 1-0

[Event "World Youth Girl U18 2016"]
[Site "Khanty-Mansiysk RUS"]
[Date "2016.09.24"]
[Round "3.6"]
[White "Wozniak, Mariola"]
[Black "Trippold, Denise"]
[Result "1-0"]
[WhiteTitle "WIM"]
[BlackTitle "WFM"]
[WhiteElo "2246"]
[BlackElo "2068"]
[WhiteFideId "1152050"]
[BlackFideId "1625594"]
[EventDate "2016.09.22"]

1. d4 Nf6 2. c4 e6 3. Nc3 Bb4 4. Qc2 c5 5. dxc5 O-O 6. a3 Bxc5 7. Nf3 b6 8. Bf4
Bb7 9. b4 Be7 10. Rd1 a6 11. e4 a5 12. b5 Bxa3 13. Bd3 Nh5 14. Be3 Qc7 15. Na4
Bb4+ 16. Nd2 Bc5 17. Nxc5 bxc5 18. Nb3 d6 19. e5 a4 20. Bxh7+ Kh8 21. exd6 axb3
22. dxc7 bxc2 23. Bxc2 Bxg2 24. Bxc5 Re8 25. Rg1 Bf3 26. Rd3 Nd7 27. Rxd7 Nf6
28. Rd3 Be4 29. Rh3+ Kg8 30. Bd1 Bf5 31. Ra3 Ne4 32. Rxa8 Rxa8 33. Bd4 e5 34. b6
Bc8 35. Bxe5 f6 36. Bd4 Ra2 37. c5 Rd2 38. c6 Rxd4 39. b7 Nd6 40. b8=Q 1-0

[Event "World Youth Girl U18 2016"]
[Site "Khanty-Mansiysk RUS"]
[Date "2016.09.24"]
[Round "3.7"]
[White "Lingur, Zalina"]
[Black "Mahalakshmi, M"]
[Result "1/2-1/2"]
[WhiteTitle "WFM"]
[BlackTitle "WIM"]
[WhiteElo "1986"]
[BlackElo "2221"]
[WhiteFideId "34165670"]
[BlackFideId "5001080"]
[EventDate "2016.09.22"]

1. e4 e6 2. d4 d5 3. Nd2 Nc6 4. Ngf3 Nf6 5. e5 Nd7 6. Be2 f6 7. exf6 Qxf6 8. Nf1
Bd6 9. Ne3 O-O 10. O-O Qg6 11. c4 Nf6 12. c5 Be7 13. Bb5 Nd7 14. Bd3 Qh5 15. Be2
Qg6 16. Bd3 Qh5 17. Be2 Qf7 18. Bb5 a6 19. Bxc6 bxc6 20. Ng4 Qf5 21. h3 h5 22.
Nge5 Nxe5 23. Nxe5 Bxc5 24. f4 Bd6 25. Nxc6 Bd7 26. Ne5 Bb5 27. Rf3 Bxe5 28.
fxe5 Qe4 29. Be3 Qg6 30. Bf4 a5 31. Rc1 Qe4 32. Be3 c6 33. Rxf8+ Rxf8 34. Bf2 a4
35. Rc3 Rf4 36. Rc1 Rf5 37. Qd2 Rf7 38. Qe3 Qxe3 39. Bxe3 Kh7 40. Bf2 Rb7 41.
Rc2 Bc4 42. a3 Rb3 43. Be1 Rd3 44. Bc3 Kg6 45. Rf2 Rd1+ 46. Kh2 Rf1 47. Rxf1
Bxf1 48. g4 hxg4 49. hxg4 Kf7 50. Kg3 Ke8 51. Bb4 Be2 52. Kf4 Bd1 53. Bd6 Kd7
54. g5 Bc2 55. Bf8 g6 56. Ke3 1/2-1/2

[Event "World Youth Girl U18 2016"]
[Site "Khanty-Mansiysk RUS"]
[Date "2016.09.24"]
[Round "3.8"]
[White "Kanakova, Natalie"]
[Black "Fiadosenka, Rahneda"]
[Result "0-1"]
[WhiteElo "2175"]
[BlackElo "2059"]
[WhiteFideId "350486"]
[BlackFideId "13503740"]
[EventDate "2016.09.22"]

1. e4 c6 2. d4 d5 3. e5 c5 4. Nf3 Nc6 5. c4 Bg4 6. cxd5 Bxf3 7. Qxf3 Nxd4 8. Qd1
Qxd5 9. Bb5+ Kd8 10. O-O e6 11. Re1 Nxb5 12. Qh5 g6 13. Qh4+ Kc7 14. a4 Nd4 15.
Nc3 Qd7 16. b4 Ne7 17. Be3 Nef5 18. Qe4 Qc6 19. Qd3 Rd8 20. Bxd4 Nxd4 21. Red1
Be7 22. b5 Qd7 23. b6+ axb6 24. a5 b5 25. Rab1 b4 26. a6 b6 27. Qe4 Qc6 28. Rxd4
Rxd4 29. Nb5+ Kd7 30. Qxc6+ Kxc6 31. Nxd4+ cxd4 0-1

[Event "World Youth Girl U18 2016"]
[Site "Khanty-Mansiysk RUS"]
[Date "2016.09.24"]
[Round "3.9"]
[White "Oljobai Kyzy, Alisa"]
[Black "Balajayeva, Khanim"]
[Result "0-1"]
[BlackTitle "WFM"]
[WhiteElo "1672"]
[BlackElo "2147"]
[WhiteFideId "13801953"]
[BlackFideId "13406396"]
[EventDate "2016.09.22"]

1. e4 e5 2. Nf3 Nc6 3. Bb5 a6 4. Ba4 Nf6 5. O-O b5 6. Bb3 Be7 7. d4 exd4 8. e5
Ne4 9. Bd5 Nc5 10. Nxd4 Bb7 11. Nf5 Bf8 12. Be3 Ne6 13. Nc3 Qb8 14. f4 b4 15.
Ne4 Ncd4 16. Bxd4 Bxd5 17. Nfg3 Qb7 18. Qd3 c5 19. Be3 c4 20. Nf5 cxd3 21. Ned6+
Kd8 22. Nxb7+ Bxb7 23. Bb6+ Ke8 24. cxd3 g6 25. Nd6+ Bxd6 26. exd6 Rc8 27. Rf2
Rc6 28. Ba5 Rxd6 29. Bxb4 Rxd3 30. Rc1 f5 31. Re2 Kf7 32. g3 Be4 33. Kf2 Rb8 0-1

[Event "World Youth Girl U18 2016"]
[Site "Khanty-Mansiysk RUS"]
[Date "2016.09.24"]
[Round "3.10"]
[White "Vidic, Teja"]
[Black "Santeramo, Alessia"]
[Result "1/2-1/2"]
[WhiteTitle "WFM"]
[BlackTitle "WFM"]
[WhiteElo "2121"]
[BlackElo "2001"]
[WhiteFideId "14605511"]
[BlackFideId "850810"]
[EventDate "2016.09.22"]

1. e4 e5 2. Nf3 Nc6 3. Bb5 a6 4. Ba4 Nf6 5. O-O Be7 6. Re1 b5 7. Bb3 d6 8. c3
O-O 9. h3 Na5 10. Bc2 c5 11. d4 Qc7 12. Nbd2 Nc6 13. d5 Nd8 14. a4 Rb8 15. axb5
axb5 16. b4 Ne8 17. Nf1 g6 18. bxc5 Qxc5 19. Qd2 f6 20. Ba3 Qc7 21. Reb1 Ng7 22.
Bd3 Bd7 23. Rb3 Nf7 24. Rab1 f5 25. exf5 Nxf5 26. Bxb5 Bxb5 27. Rxb5 Rxb5 28.
Rxb5 e4 29. Nd4 Bg5 30. Qb2 e3 31. Nxf5 exf2+ 32. Qxf2 gxf5 33. Qd4 Ne5 34. Rb6
Bf6 35. Qb4 Qa7 36. Kh1 Nc4 37. Rb7 Qxa3 38. Qxc4 Qxc3 39. Qe2 Qa1 40. Qe6+ Kh8
41. Qe2 Rc8 42. Qb5 Be5 43. Rb8 Rxb8 44. Qxb8+ Kg7 45. Qb5 Kf6 46. Qe2 Qb1 47.
Qf3 Qe1 48. Kg1 Bd4+ 49. Kh2 Qf2 50. Qxf2 Bxf2 51. g3 Ke5 52. Kg2 Bd4 53. Kf3
Kxd5 54. g4 fxg4+ 55. hxg4 h6 56. Ng3 Bf6 57. Nf5 Bg5 58. Nxd6 Kxd6 59. Kg3 1/2-1/2

[Event "World Youth Girl U18 2016"]
[Site "Khanty-Mansiysk RUS"]
[Date "2016.09.24"]
[Round "3.11"]
[White "Mamontova, Anastasia"]
[Black "Unuk, Laura"]
[Result "0-1"]
[WhiteTitle "WFM"]
[BlackTitle "WIM"]
[WhiteElo "2021"]
[BlackElo "2332"]
[WhiteFideId "34100234"]
[BlackFideId "14609215"]
[EventDate "2016.09.22"]

1. e4 e6 2. d4 d5 3. Nd2 c5 4. exd5 Qxd5 5. dxc5 Nf6 6. Ngf3 Qxc5 7. Bd3 Nbd7 8.
O-O Qc7 9. Qe2 Be7 10. c3 b6 11. Nc4 O-O 12. Nce5 Bb7 13. Nxd7 Nxd7 14. Ng5 Nf6
15. Re1 Rad8 16. h3 h6 17. Ne4 Nd5 18. Bc2 f5 19. Ng3 Rf6 20. Nh5 Rg6 21. g4 Bc5
22. Rf1 Qc6 23. Qf3 Rf8 24. Qg2 Qc7 25. Qg3 Bd6 26. f4 e5 27. Bb3 Kh8 28. Qd3
Nxf4 29. Bxf4 exf4 30. Rad1 Bc5+ 31. Kh2 f3+ 32. Ng3 Bd6 33. Rg1 f2 34. Rgf1
fxg4 35. hxg4 Rxg4 36. Qxd6 Rh4# 0-1

[Event "World Youth Girl U18 2016"]
[Site "Khanty-Mansiysk RUS"]
[Date "2016.09.24"]
[Round "3.12"]
[White "Uuriintuya, Uurtsaikh"]
[Black "Yakimenko, Anastasia"]
[Result "1-0"]
[WhiteTitle "WIM"]
[WhiteElo "2228"]
[BlackElo "1983"]
[WhiteFideId "4900227"]
[BlackFideId "24174980"]
[EventDate "2016.09.22"]

1. e4 c5 2. Nf3 Nc6 3. d4 cxd4 4. Nxd4 e5 5. Nb5 a6 6. Nd6+ Bxd6 7. Qxd6 Qf6 8.
Qd2 Qg6 9. f3 Nge7 10. Bd3 O-O 11. O-O d6 12. c4 f5 13. Qg5 Nb4 14. exf5 Qxg5
15. Bxg5 Nxd3 16. Bxe7 Re8 17. Bxd6 Nxb2 18. Nd2 Bxf5 19. c5 Rac8 20. Rac1 h6
21. Nb3 e4 22. Nd4 Bg6 23. fxe4 Rxe4 24. Nf3 Nd3 25. Rc3 Ra4 26. a3 Kh7 27. Rd1
Nf4 28. Rd2 Ne6 29. Ne5 Rd4 30. Rxd4 Nxd4 31. Rc4 Nb5 32. a4 Nxd6 33. cxd6 Rd8
34. d7 Bf5 35. Rb4 b5 36. axb5 axb5 37. g4 Be6 38. Rxb5 Kg8 39. Rb6 Bd5 40. Rd6
Ba8 41. Ra6 Bd5 42. Kf2 Kf8 43. Ke3 Ke7 44. Kd4 Bb7 45. Rg6 Rg8 46. Rb6 Bc8 47.
Rb8 Bxd7 48. Rxg8 1-0

[Event "World Youth Girl U18 2016"]
[Site "Khanty-Mansiysk RUS"]
[Date "2016.09.24"]
[Round "3.13"]
[White "Drogovoz, Irina"]
[Black "Nguyen, Thanh Thuy Tien"]
[Result "1/2-1/2"]
[WhiteTitle "WIM"]
[BlackTitle "WIM"]
[WhiteElo "2144"]
[BlackElo "1978"]
[WhiteFideId "4176715"]
[BlackFideId "12400998"]
[EventDate "2016.09.22"]

1. d4 Nf6 2. c4 g6 3. Nc3 d5 4. Bg5 Ne4 5. Bh4 Nxc3 6. bxc3 Bg7 7. e3 c5 8. cxd5
cxd4 9. cxd4 Qxd5 10. Nf3 Qa5+ 11. Qd2 Qxd2+ 12. Nxd2 a6 13. Rc1 Nc6 14. Nc4 Be6
15. Bg3 Bxc4 16. Bxc4 e5 17. d5 Na5 18. Bd3 f5 19. f3 Kd7 20. Ke2 Rac8 21. Rb1
b5 22. a4 bxa4 23. Rb4 Nb3 24. Rxa4 Nc1+ 25. Kd2 Nb3+ 26. Ke2 Nc1+ 27. Kd2 Nb3+
28. Ke2 Nc1+ 29. Kd2 1/2-1/2

[Event "World Youth Girl U18 2016"]
[Site "Khanty-Mansiysk RUS"]
[Date "2016.09.24"]
[Round "3.14"]
[White "Parhomenko, Margarita"]
[Black "Fuentes Godoy, Lilia Ivonne"]
[Result "1-0"]
[BlackTitle "WIM"]
[WhiteElo "1940"]
[BlackElo "2142"]
[WhiteFideId "11603216"]
[BlackFideId "5104130"]
[EventDate "2016.09.22"]

1. c4 e6 2. Nc3 d5 3. d4 c6 4. e3 Bd6 5. Bd3 f5 6. Nf3 Nf6 7. O-O O-O 8. Ne5
Bxe5 9. dxe5 Ng4 10. f4 d4 11. Na4 b6 12. Qe2 Bb7 13. h3 Nxe3 14. Bxe3 dxe3 15.
Rfd1 Qe7 16. a3 c5 17. Nc3 Nc6 18. Qxe3 Nd4 19. Ne2 Rfd8 20. Nxd4 Rxd4 21. Be2
Rad8 22. Rxd4 cxd4 23. Qg3 Be4 24. Bd3 Bxd3 25. Qxd3 Qh4 26. Rf1 g5 27. Qd2 g4
28. Qf2 Qh5 29. Rd1 d3 30. Qe3 gxh3 31. Rxd3 h2+ 32. Kh1 Rf8 33. Rd7 Rf7 34.
Qg3+ Qg4 35. Qxg4+ fxg4 36. Rxf7 Kxf7 37. Kxh2 h5 38. Kg3 Kg6 39. b4 Kf5 40. c5 1-0

[Event "World Youth Girl U18 2016"]
[Site "Khanty-Mansiysk RUS"]
[Date "2016.09.24"]
[Round "3.15"]
[White "Krasnokutskaya, Sofiya"]
[Black "Stanciu, Ioana-Georgiana"]
[Result "1-0"]
[WhiteElo "2086"]
[BlackElo "1931"]
[WhiteFideId "14150735"]
[BlackFideId "1202294"]
[EventDate "2016.09.22"]

1. e4 c5 2. Nf3 Nc6 3. d4 cxd4 4. Nxd4 Nf6 5. Nc3 e5 6. Ndb5 d6 7. Bg5 a6 8.
Bxf6 gxf6 9. Na3 Be6 10. Nd5 b5 11. c3 Bg7 12. Nc2 Rb8 13. Nce3 Ne7 14. a4 Nxd5
15. Nxd5 f5 16. exf5 Bxf5 17. axb5 axb5 18. Ra7 Bd7 19. Nc7+ Ke7 20. Bxb5 Rxb5
21. Nxb5 Qb6 22. c4 f5 23. O-O e4 24. b4 Be5 25. Qd5 e3 26. Rb7 exf2+ 27. Rxf2
Qe3 28. c5 Rc8 29. Rxd7+ Kxd7 30. Qf7+ Kd8 31. Qf8+ Kd7 32. Qxf5+ Kd8 33. Qf8+
Kd7 34. Qf7+ Kd8 35. Qg8+ Kd7 36. Qxh7+ Kd8 37. Qg8+ Kd7 38. Qf7+ Kd8 39. Qf8+
Kd7 40. Qf5+ Kd8 41. Kh1 Rb8 42. Qf8+ Kd7 43. Qf7+ Kd8 44. Qc7+ Ke8 45. Qxb8+
Kd7 46. Qb7+ 1-0

[Event "World Youth Girl U18 2016"]
[Site "Khanty-Mansiysk RUS"]
[Date "2016.09.24"]
[Round "3.16"]
[White "Shivacheva, Donika"]
[Black "Jibuti, Nata"]
[Result "1-0"]
[BlackTitle "WFM"]
[WhiteElo "2063"]
[BlackElo "1865"]
[WhiteFideId "2900840"]
[BlackFideId "13603094"]
[EventDate "2016.09.22"]

1. e4 c5 2. Nc3 Nc6 3. Bb5 Nd4 4. Bc4 e6 5. Nge2 Nf6 6. O-O a6 7. d3 b5 8. Bb3
Nxb3 9. axb3 b4 10. Na4 d5 11. e5 Nd7 12. f4 d4 13. Ng3 h5 14. Ne4 Qc7 15. Qe2
h4 16. h3 Bb7 17. Bd2 Be7 18. Qg4 O-O-O 19. c3 dxc3 20. bxc3 Nb6 21. Qe2 a5 22.
cxb4 axb4 23. Rfc1 Nxa4 24. Rxa4 Kb8 25. Bxb4 Qb6 26. Bxc5 Bxc5+ 27. Nxc5 Rd5
28. d4 Rhd8 29. Rcc4 Rxd4 30. Rxd4 Qxc5 31. Qf2 Rxd4 32. Qxd4 Qc1+ 33. Kh2 Bd5
34. Qb4+ Kc8 35. Qf8+ Kc7 36. Ra7+ 1-0

[Event "World Youth Girl U18 2016"]
[Site "Khanty-Mansiysk RUS"]
[Date "2016.09.24"]
[Round "3.17"]
[White "Kolver, Michelle"]
[Black "Hu, Yu A."]
[Result "0-1"]
[WhiteTitle "WCM"]
[WhiteElo "1485"]
[BlackElo "2049"]
[WhiteFideId "14307839"]
[BlackFideId "8609993"]
[EventDate "2016.09.22"]

1. d4 Nf6 2. Nc3 d5 3. Bg5 e6 4. f3 Be7 5. Qd3 Nbd7 6. e4 dxe4 7. fxe4 c5 8. Nf3
cxd4 9. Qxd4 h6 10. Bh4 O-O 11. Bb5 Qc7 12. e5 Bc5 13. Qd2 Ng4 14. Bxd7 Bxd7 15.
Qf4 Ne3 16. Qe4 Bc6 17. Qd3 Nxg2+ 18. Ke2 Nf4+ 0-1

[Event "World Youth Girl U18 2016"]
[Site "Khanty-Mansiysk RUS"]
[Date "2016.09.24"]
[Round "3.18"]
[White "Uktamova, Marjona"]
[Black "Yakimenko, Viktoria"]
[Result "1-0"]
[WhiteElo "1542"]
[BlackElo "2160"]
[WhiteFideId "14209128"]
[BlackFideId "24174998"]
[EventDate "2016.09.22"]

1. e4 c5 2. Nc3 Nc6 3. g3 g6 4. Bg2 Bg7 5. d3 e6 6. Be3 Nd4 7. a4 Ne7 8. Nge2 d6
9. O-O a6 10. Qd2 Rb8 11. Nd1 Nec6 12. Nf4 b5 13. h4 h6 14. Nh3 e5 15. f4 Nb4
16. Bxd4 exd4 17. f5 O-O 18. Nf4 Kh7 19. a5 Nc6 20. Nd5 Be5 21. Rf3 Ne7 22. Nxe7
Qxe7 23. Nf2 gxf5 24. exf5 Rg8 25. Re1 f6 26. Ne4 Qf8 27. Kh2 Rg4 28. Kh3 Qg7
29. Qf2 d5 30. Nxc5 Bxf5 31. Kh2 Bd6 32. Ne6 Bxe6 33. Rxe6 Be7 34. Bh3 h5 35.
Bxg4 hxg4 36. Rf5 Qf7 37. Qe2 Rb7 38. Qxg4 Qg6 39. Qxg6+ Kxg6 40. Rxd5 Rc7 41.
Kh3 Kf7 42. Rxa6 Rxc2 43. Rd7 Ke8 44. Raa7 Bc5 45. Rab7 Bf8 46. Rh7 Rc8 47. a6
Bd6 48. Rh8+ Bf8 49. a7 1-0

[Event "World Youth Girl U18 2016"]
[Site "Khanty-Mansiysk RUS"]
[Date "2016.09.24"]
[Round "3.19"]
[White "Albekova, Dilyara"]
[Black "Wu, Min"]
[Result "1-0"]
[WhiteElo "1784"]
[BlackElo "1996"]
[WhiteFideId "13705628"]
[BlackFideId "1631969"]
[EventDate "2016.09.22"]

1. e4 e5 2. Nc3 Nf6 3. Bc4 Nc6 4. d3 Na5 5. Bb3 Nxb3 6. axb3 d5 7. f4 dxe4 8.
dxe4 Qxd1+ 9. Kxd1 Bd7 10. fxe5 Ng4 11. Nd5 O-O-O 12. Ke2 Nxe5 13. Rxa7 Kb8 14.
Be3 Bb5+ 15. c4 Ba6 16. Nf3 Nc6 17. Rxa6 bxa6 18. Ra1 Kb7 19. c5 f5 20. Ng5 fxe4
21. Nxc7 Kxc7 22. Ne6+ Kb7 23. Nxd8+ Nxd8 24. Rd1 Ne6 25. b4 Kc6 26. Ra1 Nc7 27.
Bf4 Be7 28. Bxc7 Kxc7 29. Rxa6 Bf6 30. b5 Rb8 31. Ra7+ Kc8 32. b6 Bxb2 33. Ke3
Rb7 34. Ra8+ Kd7 35. Kxe4 Kc6 36. Rc8+ Kb5 37. Rc7 Rb8 38. b7 Bf6 39. c6 Kb6 40.
Rc8 Ka7 41. Kd5 Rxb7 42. cxb7 Kxb7 43. Rf8 Bc3 44. Ke6 Kc7 45. Rh8 h6 46. Kf7
Be5 47. h3 Kd6 48. Rd8+ Kc7 49. Re8 Bf6 50. Kg6 Kd6 51. Rg8 Ke6 52. Rxg7 Bg5 53.
Rh7 1-0

[Event "World Youth Girl U18 2016"]
[Site "Khanty-Mansiysk RUS"]
[Date "2016.09.24"]
[Round "3.20"]
[White "Methmani, Nelunika"]
[Black "Auvray, Honorine"]
[Result "0-1"]
[WhiteTitle "WIM"]
[BlackTitle "WFM"]
[WhiteElo "1612"]
[BlackElo "1961"]
[WhiteFideId "9910050"]
[BlackFideId "600512"]
[EventDate "2016.09.22"]

1. d4 Nf6 2. c4 c5 3. d5 d6 4. Nc3 e6 5. g3 exd5 6. cxd5 a6 7. a4 Qe7 8. Bg2 g6
9. Nf3 Bg7 10. O-O O-O 11. Nd2 Nbd7 12. Nc4 Ne8 13. e4 Rb8 14. f4 Bd4+ 15. Kh1
f5 16. Ne2 Bg7 17. e5 b5 18. Na5 dxe5 19. Nc6 Qd6 20. fxe5 Nxe5 21. Nxb8 Qxb8
22. Bf4 Nd6 23. Qc2 Qb6 24. a5 Qa7 25. b3 c4 26. b4 Rd8 27. Bg5 Re8 28. Rad1 Ng4
29. Nc3 Bd4 30. Bf4 Nf7 31. d6 g5 32. Bd2 Nxd6 33. Bxg5 Qg7 34. Bf4 Bb7 35. Nd5
Ne4 36. Bxe4 Rxe4 37. h3 Bxd5 0-1

[Event "World Youth Girl U18 2016"]
[Site "Khanty-Mansiysk RUS"]
[Date "2016.09.24"]
[Round "3.21"]
[White "Suchomelova, Simona"]
[Black "Meskenaite, Rugile"]
[Result "1/2-1/2"]
[WhiteElo "1958"]
[BlackElo "1709"]
[WhiteFideId "348864"]
[BlackFideId "12806587"]
[EventDate "2016.09.22"]

1. e4 e5 2. Nf3 Nc6 3. d4 exd4 4. Nxd4 Bb4+ 5. c3 Bc5 6. Be3 Bb6 7. Nf5 Qf6 8.
Be2 Nge7 9. Bxb6 axb6 10. Ne3 O-O 11. O-O Qg6 12. f3 d6 13. Na3 Be6 14. Nb5 Rac8
15. Nd5 Nxd5 16. exd5 Bh3 17. Rf2 Ne5 18. Kh1 Bd7 19. Qd4 f5 20. Bd3 Nxd3 21.
Qxd3 Qh5 22. f4 Rf6 23. Nd4 c6 24. c4 Re8 25. Re2 Rff8 26. Rae1 c5 27. Ne6 Rf7
28. Ng5 Rff8 29. Qf3 Qg6 30. Re3 b5 31. b3 bxc4 32. bxc4 b5 33. Ne6 Rf7 34. cxb5
Bxb5 35. Qd1 Rfe7 36. Qc2 Bd7 37. Qc4 h6 38. Qb3 Bc8 39. Nc7 Rxe3 40. Rxe3 Rd8
41. g3 Qf7 42. Qb6 Qd7 43. Re6 Qa4 44. Rxd6 Qd1+ 45. Kg2 Qd2+ 46. Kg1 1/2-1/2

[Event "World Youth Girl U18 2016"]
[Site "Khanty-Mansiysk RUS"]
[Date "2016.09.24"]
[Round "3.22"]
[White "Xiang, Evan"]
[Black "Yolal, Sena Gokcen"]
[Result "1-0"]
[WhiteTitle "WFM"]
[WhiteElo "1948"]
[BlackElo "1737"]
[WhiteFideId "2005816"]
[BlackFideId "6337031"]
[EventDate "2016.09.22"]

1. d4 Nf6 2. Bf4 g6 3. Nf3 d6 4. e3 Nh5 5. Bg5 h6 6. Bh4 g5 7. Nfd2 Ng7 8. Bg3
Nf5 9. Bd3 Nxg3 10. hxg3 Bg7 11. c3 Nd7 12. a4 e5 13. Nc4 Qe7 14. dxe5 d5 15.
Nca3 Nxe5 16. Be2 c6 17. Nd2 Be6 18. Qc2 Qf6 19. Rd1 O-O 20. Nf3 Bf5 21. Qd2 Be4
22. Nxe5 Qxe5 23. Bf3 f5 24. Kf1 Rae8 25. Nc2 Rd8 26. Ne1 Qf6 27. Be2 f4 28.
gxf4 gxf4 29. Nf3 fxe3 30. Qxe3 Qg6 31. Rh3 Qf6 32. Rg3 Rde8 33. Qd4 Qxd4 34.
Nxd4 Kh8 35. b4 Rf6 36. f3 Bh7 37. Kf2 Rf4 38. Rh3 Rf7 39. Rh4 Rfe7 40. Bf1 Re3
41. c4 R3e5 42. Rd2 Bf6 43. Rh3 Bg5 44. Rd1 Be3+ 45. Kg3 Rg8+ 46. Kh2 dxc4 47.
Bxc4 Rd8 48. Rh4 Bg5 49. Rh3 Bf4+ 50. g3 Be3 51. Nxc6 Rxd1 52. Nxe5 Rd2+ 53. Kh1
Rd1+ 54. Kg2 Rg1+ 55. Kh2 Rc1 56. Rh5 Kg7 57. Bd5 Rc2+ 58. Kh3 b6 59. Ng4 Bd2
60. b5 Rc5 61. Re5 Bg5 62. f4 Bd8 63. Bb3 Rc3 64. Re3 Rc1 65. Ne5 Bf6 66. Ng4
Bf5 67. Be6 Bxg4+ 68. Kxg4 Rc5 69. Rd3 Rc7 70. Rd5 Re7 71. Kf5 Bc3 72. g4 Bb2
73. g5 hxg5 74. fxg5 Bc1 75. g6 Bb2 76. Rd8 Kh6 77. Rf8 Rc7 78. Bf7 Bg7 79. Rd8
Bb2 80. Ke6 Ba1 81. Rd7 Rc3 82. Rxa7 Re3+ 83. Kd5 Re5+ 84. Kc6 Bd4 85. Rd7 Bf2
86. Ra7 Re4 87. a5 bxa5 88. Rxa5 Rb4 89. Ra6 Rb2 90. b6 Bxb6 91. Rxb6 Rxb6+ 92.
Kxb6 1-0

[Event "World Youth Girl U18 2016"]
[Site "Khanty-Mansiysk RUS"]
[Date "2016.09.24"]
[Round "3.23"]
[White "Liscinska, Jana"]
[Black "Alijanzadeh, Mohadeseh"]
[Result "0-1"]
[WhiteElo "1712"]
[BlackElo "1824"]
[WhiteFideId "14928612"]
[BlackFideId "12508632"]
[EventDate "2016.09.22"]

1. e4 e6 2. d3 d5 3. Nd2 Nf6 4. Ngf3 Be7 5. g3 c5 6. Bg2 Nc6 7. O-O O-O 8. Re1
Qc7 9. Nf1 b5 10. e5 Nd7 11. Bf4 Bb7 12. h4 Rfc8 13. N1h2 Nd4 14. c3 Nxf3+ 15.
Qxf3 c4 16. d4 b4 17. Qh5 bxc3 18. bxc3 Bf8 19. Nf3 h6 20. Qg4 Kh8 21. Kh2 Nb6
22. Bf1 Bc6 23. Be2 Rab8 24. h5 Na4 25. Bd2 Nb2 26. Rf1 Ba4 27. Ne1 Rb7 28. Qh3
Bd7 29. g4 Na4 30. Qf3 f6 31. Bf4 Qa5 32. Bd2 fxe5 33. dxe5 Nc5 34. Qf4 Be7 35.
Rd1 Ba4 36. Nf3 Bxd1 37. Bxd1 Rf8 38. Qe3 Ne4 39. a4 Rb2 40. Qe1 Rxf3 41. Bc1
Rbxf2+ 42. Rxf2 Rxf2+ 43. Kh1 Ng3+ 44. Kg1 Rf1+ 0-1